La Contra: corrupción y grietas /
Đã lưu trong:
| Tác giả chính: | |
|---|---|
| Định dạng: | Texto |
| Những chủ đề: | |
| Các nhãn: |
Thêm thẻ
Không có thẻ, Là người đầu tiên thẻ bản ghi này!
|
MARC
| LEADER | 00000 a a2200000 04500 | ||
|---|---|---|---|
| 001 | 12128 | ||
| 003 | |||
| 040 | |||
| 100 | |a Robinson, William I. | ||
| 245 | |a La Contra: |b corrupción y grietas / |c William I. Robinson | ||
| 650 | |a CONTRARREVOLUCIONARIOS | ||
| 650 | |a CORRUPCION | ||
| 650 | |a OPOSICION POLITICA | ||
| 650 | |a GOBIERNO CENTRAL | ||
| 773 | |g número 25; páginas 62-66 | ||
| 999 | |c 35035 |d 35035 | ||
